00614nam a2200169Ia 4500003000900000008004100009040001600050080001500066100002600081245016600107260003900273300001600312650004100328650002400369650002100393700003000414IN-BaIIA211028s9999 xx 000 0 eng d cIIA Library a521.1bGAU aGauss, Carl Friedrich 0aTheory of the motion of the heavenly bodies moving about the sun in conic sectionscCarl Friedrich Gauss ; translated and with an appendix by Charles Henry Davis aNew YorkbDover Publicationsc1963 axvii, 326p. aAstronomy and astrophysics thesaurus aCelestial mechanics aCelestial sphere aDaris, Charles Henry, tr.